[Event "Preinscritos IRT Online"]
[Site "Chess.com INT"]
[Date "2020.12.26"]
[Round "5"]
[White "Salazar Loor, Rodger Benjamin"]
[Black "Vintimilla, Xavier"]
[Result "1/2-1/2"]
[WhiteElo "2104"]
[BlackElo "1877"]
[PlyCount "114"]
[EventDate "2020.12.26"]
[EventType "swiss"]
[EventRounds "11"]
[EventCountry "ECU"]
[SourceTitle "CBM 200 Extra"]
[Source "ChessBase"]
[SourceDate "2021.03.31"]
[SourceVersion "1"]
[SourceVersionDate "2021.03.31"]
[SourceQuality "1"]

1. d4 Nf6 2. c4 e6 3. g3 d5 4. Bg2 c6 5. Nf3 Nbd7 6. 0-0 Bd6 7. Qc2 0-0 8. Nbd2 Re8 9. Rd1 Bc7 10. e4 dxe4 11. Ng5 h6 12. Ngxe4 Nxe4 13. Nxe4 Nf6 14. b3 Nxe4 15. Bxe4 Qe7 16. Bb2 e5 17. dxe5 Bxe5 18. Re1 Qf6 19. Bxe5 Rxe5 20. f4 Re7 21. Bh7+ Kh8 22. Rxe7 Qxe7 23. Qe4 Be6 24. Re1 Rd8 25. f5 Qc5+ 26. Kh1 Bd7 27. f6 gxf6 28. Qd3 Kg7 29. Rd1 Qe7 30. Be4 f5 31. Bf3 Kf8 32. Qd4 f6 33. Qf4 Kg7 34. Rd6 Be8 35. Rxd8 Qxd8 36. Kg2 Bf7 37. Kh3 Be6 38. Bh5 Bf7 39. Qxf5 Bxh5 40. Qxh5 Qd7+ 41. Qg4+ Qxg4+ 42. Kxg4 Kg6 43. Kf4 f5 44. h3 Kf6 45. g4 fxg4 46. Kxg4 Kg6 47. h4 h5+ 48. Kf4 Kf6 49. c5 b6 50. b4 b5 51. Ke4 Ke6 52. Kf4 Kf6 53. a3 a6 54. Ke4 Ke6 55. Kf4 Kf6 56. Ke4 Ke6 57. Kf4 Kf6 1/2-1/2

[Event "World University-ch 12th"]
[Site "Guimaraes"]
[Date "2012.08.22"]
[Round "5"]
[White "Rojas Alarcon, Julian Antonio"]
[Black "Salazar Loor, Rodger Benjamin"]
[Result "1/2-1/2"]
[WhiteElo "2344"]
[BlackElo "2021"]
[PlyCount "86"]
[EventDate "2012.08.20"]
[EventType "swiss"]
[EventRounds "9"]
[EventCountry "POR"]
[SourceTitle "CBM 150 Extra"]
[Source "ChessBase"]
[SourceDate "2012.10.19"]
[SourceVersion "1"]
[SourceVersionDate "2012.10.19"]
[SourceQuality "1"]

1. d4 Nf6 2. Bg5 c5 3. d5 Ne4 4. Bf4 Qb6 5. Nc3 Nxc3 6. bxc3 d6 7. e4 Qa5 8. Bd2 g6 9. a4 Bg7 10. Bb5+ Bd7 11. c4 Qc7 12. Ra3 a6 13. Bxd7+ Nxd7 14. Nf3 0-0 15. 0-0 b5 16. axb5 axb5 17. Rxa8 Rxa8 18. cxb5 c4 19. Bg5 Nc5 20. Qe2 Na4 21. Qe3 Nc3 22. b6 Qb7 23. Nd2 Ra4 24. Qh3 Rb4 25. Qh4 Ne2+ 26. Kh1 c3 27. Nb3 Rxb6 28. Bxe7 Qa6 29. Re1 Rxb3 30. cxb3 c2 31. Bg5 Bc3 32. Bh6 Qa8 33. Rf1 Bb2 34. Qe7 c1Q 35. Bxc1 Nxc1 36. Qxd6 Nd3 37. f4 Nf2+ 38. Kg1 Bd4 39. Qc6 Nh3+ 40. Kh1 Nf2+ 41. Kg1 Nh3+ 42. Kh1 Nf2+ 43. Kg1 Nh3+ 1/2-1/2

[Event "Pan American-ch U18"]
[Site "Cali"]
[Date "2011.07.06"]
[Round "6"]
[White "Valencia, Adrian David"]
[Black "Salazar Loor, Rodger Benjamin"]
[Result "0-1"]
[WhiteElo "1901"]
[BlackElo "2040"]
[PlyCount "112"]
[EventDate "2011.07.03"]
[EventType "swiss"]
[EventRounds "9"]
[EventCountry "COL"]
[SourceTitle "CBM 143 Extra"]
[Source "ChessBase"]
[SourceDate "2011.08.29"]
[SourceVersion "1"]
[SourceVersionDate "2011.08.29"]
[SourceQuality "1"]

1. e4 e5 2. d4 exd4 3. Nf3 Bb4+ 4. c3 dxc3 5. bxc3 Bc5 6. Bc4 Qe7 7. 0-0 Nc6 8. e5 h6 9. Bf4 Na5 10. Nbd2 Nxc4 11. Nxc4 Qe6 12. Qd3 Ne7 13. Ncd2 Qd5 14. Qe2 Ng6 15. Bg3 b6 16. c4 Qc6 17. Ne4 Bb7 18. Nc3 0-0 19. Nd5 Rae8 20. Qc2 Re6 21. Rab1 a6 22. a4 Rfe8 23. Rfe1 d6 24. Qf5 Bc8 25. Qh5 Qb7 26. exd6 cxd6 27. Red1 Ne5 28. Nd4 Rg6 29. Bxe5 Rxe5 30. Qf3 Kh8 31. Qd3 Rg4 32. Nb3 Bf5 33. Nxc5 dxc5 34. Qc3 Rxd5 35. cxd5 Bxb1 36. Rxb1 Qxd5 37. g3 Rg6 38. Re1 Re6 39. Rb1 Qe4 40. Qb3 c4 41. Qb4 Kh7 42. Rc1 Rc6 43. h3 Qd5 44. Qb1+ g6 45. Rd1 Qf5 46. Qb4 c3 47. Rc1 c2 48. Qb3 h5 49. Kg2 b5 50. axb5 axb5 51. h4 Rc7 52. Qb2 Qd5+ 53. Kh2 Qc5 54. Kg2 b4 55. Qb3 Qc4 56. Qb2 b3 0-1

[Event "Pan American-ch U20"]
[Site "Duran"]
[Date "2011.06.06"]
[Round "3"]
[White "Gemy Vargas, Jose Daniel"]
[Black "Salazar Loor, Rodger Benjamin"]
[Result "1-0"]
[WhiteElo "2269"]
[BlackElo "2040"]
[PlyCount "81"]
[EventDate "2011.06.05"]
[EventType "swiss"]
[EventRounds "9"]
[EventCountry "ECU"]
[SourceTitle "EXT 2022"]
[Source "ChessBase"]
[SourceDate "2021.10.06"]
[SourceVersion "1"]
[SourceVersionDate "2021.10.06"]
[SourceQuality "1"]

1. d4 d5 2. c4 c6 3. Nf3 Nf6 4. e3 e6 5. Nc3 Be7 6. Bd3 0-0 7. 0-0 Nbd7 8. Re1 Re8 9. a3 b6 10. e4 dxe4 11. Nxe4 Bb7 12. Ne5 Nxe4 13. Bxe4 Nxe5 14. dxe5 Qxd1 15. Rxd1 Red8 16. Be3 f5 17. Bf3 g5 18. g3 g4 19. Bg2 Rxd1+ 20. Rxd1 Rd8 21. Rxd8+ Bxd8 22. b3 Bc7 23. Bf4 Kf7 24. h3 h5 25. h4 Ke7 26. Bg5+ Kd7 27. Bf6 a5 28. f3 b5 29. c5 Bd8 30. fxg4 Bxf6 31. exf6 fxg4 32. Be4 e5 33. Bf5+ Ke8 34. Be6 b4 35. axb4 axb4 36. Kf2 Ba6 37. Ke3 Bf1 38. Ke4 Be2 39. Kxe5 Bd3 40. Kf4 Bg6 41. Kg5 1-0

[Event "Pan American-ch U16"]
[Site "Mar del Plata"]
[Date "2009.08.21"]
[Round "9"]
[White "Quenallata, Luciano"]
[Black "Salazar Loor, Rodger Benjamin"]
[Result "1-0"]
[WhiteElo "2157"]
[BlackElo "2074"]
[PlyCount "103"]
[EventDate "2009.08.16"]
[EventType "swiss"]
[EventRounds "9"]
[EventCountry "ARG"]
[SourceTitle "EXT 2022"]
[Source "ChessBase"]
[SourceDate "2021.10.06"]
[SourceVersion "1"]
[SourceVersionDate "2021.10.06"]
[SourceQuality "1"]

1. Nf3 g6 2. c4 c5 3. g3 Bg7 4. Bg2 Nc6 5. 0-0 Nf6 6. d4 Nxd4 7. Nxd4 cxd4 8. Qxd4 0-0 9. Qd3 d6 10. Nc3 Rb8 11. c5 Ne8 12. Rd1 Qa5 13. Nd5 Qd8 14. e4 Kh8 15. cxd6 exd6 16. Be3 b6 17. Bd4 f5 18. Bxg7+ Nxg7 19. Nc3 fxe4 20. Nxe4 Bf5 21. Qxd6 Bxe4 22. Qxd8 Rbxd8 23. Bxe4 Ne6 24. Rac1 Nc5 25. Bc2 a5 26. f4 Kg7 27. Kf2 Kf6 28. b3 Rfe8 29. a3 Ne6 30. Rxd8 Rxd8 31. Rd1 Rxd1 32. Bxd1 Ke7 33. Ke3 Kd6 34. g4 Nc7 35. Bc2 Nd5+ 36. Kf3 Nc3 37. a4 Nd5 38. h4 Nf6 39. g5 Nd7 40. h5 gxh5 41. Bxh7 Ke6 42. Kg3 Nc5 43. Kh4 Kf7 44. Bc2 Ne6 45. f5 Nf4 46. Bd1 Kg7 47. f6+ Kf7 48. Bxh5+ Ke6 49. Bd1 Kf5 50. f7 Ke6 51. f8N+ Ke7 52. Nh7 1-0

[Event "Pan American-ch U16"]
[Site "Mar del Plata"]
[Date "2009.08.19"]
[Round "6"]
[White "Salazar Loor, Rodger Benjamin"]
[Black "Shen, Victor C"]
[Result "0-1"]
[WhiteElo "2074"]
[BlackElo "2177"]
[PlyCount "80"]
[EventDate "2009.08.16"]
[EventType "swiss"]
[EventRounds "9"]
[EventCountry "ARG"]
[SourceTitle "EXT 2022"]
[Source "ChessBase"]
[SourceDate "2021.10.06"]
[SourceVersion "1"]
[SourceVersionDate "2021.10.06"]
[SourceQuality "1"]

1. e4 c5 2. Nf3 e6 3. d4 cxd4 4. Nxd4 Nc6 5. Nc3 Qc7 6. Be3 a6 7. Be2 Nf6 8. 0-0 Be7 9. Kh1 0-0 10. f4 d6 11. a4 Re8 12. Bf3 Bf8 13. Nb3 b6 14. g4 Nd7 15. Bg2 Na5 16. Nxa5 bxa5 17. Rf3 Rb8 18. Rb1 Rb4 19. Rh3 Bb7 20. Qd2 Nf6 21. g5 Nxe4 22. Bxe4 Bxe4+ 23. Nxe4 Qc6 24. Qg2 Rxe4 25. b3 d5 26. Rd1 Rc8 27. Rd2 Qc3 28. Bg1 Qa1 29. Rf2 Re1 30. Rhf3 g6 31. Rf1 Rxf1 32. Rxf1 Qc3 33. Rf2 Bd6 34. Qf1 Qb4 35. Qe2 Rc3 36. Kg2 Bxf4 37. Qxa6 Qe4+ 38. Kf1 Re3 39. Qa8+ Kg7 40. Qxa5 Bxg5 0-1

[Event "Pan American-ch U16"]
[Site "Mar del Plata"]
[Date "2009.08.19"]
[Round "5"]
[White "Salinas Herrera, Pablo Patricio"]
[Black "Salazar Loor, Rodger Benjamin"]
[Result "0-1"]
[WhiteElo "2050"]
[BlackElo "2074"]
[PlyCount "88"]
[EventDate "2009.08.16"]
[EventType "swiss"]
[EventRounds "9"]
[EventCountry "ARG"]
[SourceTitle "EXT 2022"]
[Source "ChessBase"]
[SourceDate "2021.10.06"]
[SourceVersion "1"]
[SourceVersionDate "2021.10.06"]
[SourceQuality "1"]

1. e4 e5 2. Nf3 Nc6 3. Bc4 Bc5 4. c3 Nf6 5. d4 exd4 6. cxd4 Bb4+ 7. Nc3 Nxe4 8. 0-0 Bxc3 9. d5 Bf6 10. Re1 Ne7 11. Rxe4 d6 12. g4 h6 13. h4 0-0 14. g5 hxg5 15. hxg5 Be5 16. Nxe5 dxe5 17. Rxe5 Qd6 18. Re1 Ng6 19. Be3 Bd7 20. Rc1 b6 21. Bf1 Rae8 22. Qd4 f5 23. Qc3 Nh4 24. Bd4 Qf4 25. Be2 Rxe2 26. Rxe2 Nf3+ 27. Kf1 Nxd4 28. Re3 Bb5+ 29. Ke1 Qh4 30. Rd1 Qh1+ 31. Kd2 Qxd5 32. Kc1 c5 33. Rde1 Qxa2 34. Qa3 Qc4+ 35. Qc3 Qa4 36. b3 Qa3+ 37. Kb1 f4 38. Re7 Qa6 39. Kb2 Bd3 40. Ra1 Qb5 41. Raxa7 Kh8 42. g6 Bxg6 43. Qh3+ Bh7 44. Rac7 f3 0-1